[Event "Verbandsliga MV 2014-15"]
[Site "Mecklenburg-Vorpommern"]
[Date "2015.04.12"]
[Round "8.6"]
[White "Hantel, Thomas"]
[Black "Fidorra, Thomas"]
[Result "1-0"]
[WhiteElo "1693"]
[BlackElo "1879"]
[PlyCount "87"]
[EventType "team-tourn"]
[EventRounds "9"]
[WhiteTeam "HSG Uni Rostock"]
[BlackTeam "SG Güstrow/Teterow"]

1. d4 d5 2. c4 e6 3. Nf3 c6 4. e3 f5 5. Nc3 Nf6 6. Be2 Bd6 7. O-O O-O 8. Ne5
Nbd7 9. f4 Ne4 10. Nxe4 fxe4 11. Bd2 Qe7 12. c5 Bc7 13. b4 Nxe5 14. fxe5 Rxf1+
15. Qxf1 Bd7 16. g3 Rf8 17. Qh3 Be8 18. Bg4 Bd7 19. Be2 Bd8 20. Rf1 Rxf1+ 21.
Qxf1 Qf7 22. Qxf7+ Kxf7 23. Kf2 g5 24. g4 Bc8 25. Ke1 Ke7 26. Kd1 Kd7 27. Kc2
Kc7 28. Kb3 b6 29. Ka4 Kb7 30. a3 a5 31. h3 Ka7 32. cxb6+ Kxb6 33. bxa5+ Ka7
34. Bb4 Ba6 35. Bc5+ Kb7 36. Bxa6+ Kxa6 37. Bb6 Bxb6 38. axb6 c5 39. dxc5 d4
40. Kb3 dxe3 41. Kc3 Kb7 42. Kc2 Kc6 43. Kd1 Kxc5 44. b7 1-0

[Event "Verbandsliga MV 2014-15"]
[Site "Mecklenburg-Vorpommern"]
[Date "2015.04.12"]
[Round "8.7"]
[White "Ramp, Oliver"]
[Black "Ernst, Mathias"]
[Result "1/2-1/2"]
[WhiteElo "1806"]
[BlackElo "1630"]
[PlyCount "105"]
[EventType "team-tourn"]
[EventRounds "9"]
[WhiteTeam "SG Güstrow/Teterow"]
[BlackTeam "HSG Uni Rostock"]

1. e4 c5 2. Nf3 Nc6 3. d4 cxd4 4. Nxd4 d6 5. Nc3 Nf6 6. Be3 e6 7. Be2 Be7 8.
O-O O-O 9. Qd2 a6 10. f4 Qc7 11. Bf3 Bd7 12. Rad1 Na5 13. Bf2 Nc4 14. Qc1 Rac8
15. Rfe1 Nxb2 16. Qxb2 Qxc3 17. Qxb7 Rb8 18. Qxa6 Ra8 19. Qd3 Qxd3 20. cxd3
Rxa2 21. Rc1 Rb8 22. Rb1 Rbb2 23. Rxb2 Rxb2 24. Rc1 Bd8 25. g3 Bb6 26. Ne2
Bxf2+ 27. Kxf2 Kf8 28. Ke3 Ke7 29. h3 Kd8 30. Nd4 Ke7 31. g4 Rh2 32. Rh1 Rxh1
33. Bxh1 h5 34. g5 Ne8 35. h4 Nc7 36. Bf3 g6 37. Bd1 Na6 38. Bc2 Nb4 39. Bb3
Bc8 40. Nc2 Na6 41. d4 Bb7 42. Bc4 Kd8 43. e5 dxe5 44. dxe5 Nc7 45. Nb4 Nd5+
46. Nxd5 Bxd5 47. Kd4 Ke7 48. Kc5 Bf3 49. Bb3 Bg2 50. Kb6 Bf3 51. Kc7 Be4 52.
Ba4 Bd3 53. Bc6 1/2-1/2

[Event "Verbandsliga MV 2014-15"]
[Site "Mecklenburg-Vorpommern"]
[Date "2015.04.12"]
[Round "8.8"]
[White "Lueth, Jochen"]
[Black "Ebert, Lutz"]
[Result "0-1"]
[WhiteElo "1631"]
[BlackElo "1736"]
[PlyCount "188"]
[EventType "team-tourn"]
[EventRounds "9"]
[WhiteTeam "HSG Uni Rostock"]
[BlackTeam "SG Güstrow/Teterow"]

1. e4 e5 2. Nf3 d6 3. h3 Nf6 4. Nc3 Be7 5. Bc4 O-O 6. O-O a6 7. a3 b5 8. Ba2
Bb7 9. Re1 Nbd7 10. d4 exd4 11. Nxd4 Nc5 12. Qf3 Ncxe4 13. Nxe4 Nxe4 14. Rxe4
Bf6 15. Nf5 Bxe4 16. Qxe4 Re8 17. Qd5 Re1+ 18. Kh2 Qe8 19. Rb1 Qe5+ 20. Qxe5
Bxe5+ 21. f4 Rxc1 22. fxe5 Rxb1 23. Bxb1 dxe5 24. Kg3 Kf8 25. Ne3 Rd8 26. c4
Rd2 27. cxb5 axb5 28. b4 Rb2 29. Be4 Rb3 30. Kf2 Rxa3 31. Bc6 Ra2+ 32. Ke1 Rb2
33. Nd5 Rc2 34. Bb7 c6 35. Ne3 Rc1+ 36. Ke2 Ke7 37. Kd2 Rb1 38. Bxc6 Kd6 39.
Be8 Rxb4 40. Bxf7 Rd4+ 41. Kc2 Rf4 42. Bg8 h6 43. Bh7 Kc5 44. Bg8 h5 45. Be6 g5
46. Kd3 Rf6 47. Bd5 Rf4 48. Be4 b4 49. Bg6 h4 50. Be8 Rd4+ 51. Kc2 b3+ 52. Kb2
Kb4 53. Bg6 Rd2+ 54. Kc1 Re2 55. Ng4 Kc3 56. Kd1 Rxg2 57. Nxe5 b2 58. Nf3 Rg3
59. Ke2 Rxh3 60. Nxg5 Rh1 61. Ne4+ Kb3 62. Nd2+ Ka2 63. Bf7+ Ka3 64. Bg6 h3 65.
Kf3 h2 66. Kf2 Rf1+ 67. Nxf1 h1=Q 68. Bb1 Qh4+ 69. Ke2 Qc4+ 70. Kf2 Qc1 71. Bh7
b1=Q 72. Bxb1 Qxb1 73. Ke2 Qb7 74. Nd2 Kb4 75. Kd3 Qb5+ 76. Ke3 Kc3 77. Ne4+
Kc2 78. Kf4 Qc4 79. Ke5 Qb5+ 80. Kf4 Kd3 81. Nf2+ Kd4 82. Ng4 Qf1+ 83. Kg5 Qg2
84. Kf4 Qf1+ 85. Kg5 Ke4 86. Nf6+ Ke5 87. Ng4+ Ke6 88. Kh4 Qg1 89. Kh3 Kf5 90.
Nf2 Kf4 91. Nd3+ Ke3 92. Ne5 Qf1+ 93. Kh4 Qf4+ 94. Ng4+ Kf3 0-1

[Event "Verbandsliga MV 2014-15"]
[Site "Mecklenburg-Vorpommern"]
[Date "2015.04.26"]
[Round "9.1"]
[White "Mehl, Ronald"]
[Black "Dettmann, Gerd"]
[Result "0-1"]
[WhiteElo "2095"]
[BlackElo "2139"]
[PlyCount "70"]
[EventType "team-tourn"]
[EventRounds "9"]
[WhiteTeam "FHSG Stralsund"]
[BlackTeam "SG Güstrow/Teterow"]

1. d4 Nf6 2. c4 e6 3. Nc3 Bb4 4. Bg5 c5 5. dxc5 Na6 6. a3 Bxc3+ 7. bxc3 Nxc5 8.
Nf3 Nce4 9. Bxf6 Qxf6 10. Rc1 b6 11. Qd4 Bb7 12. e3 d6 13. Be2 e5 14. Qd1 O-O
15. O-O Rfc8 16. Qb3 Nc5 17. Qa2 Rc7 18. a4 Rac8 19. a5 bxa5 20. Rcd1 a4 21.
Qd2 Rc6 22. Rb1 g6 23. Ne1 Ra6 24. Nc2 Be4 25. Nb4 Bxb1 26. Nxa6 Nxa6 27. Rxb1
Nc5 28. Bg4 Ne4 29. Qc2 Rxc4 30. Bf3 Nxc3 31. Qd3 Rc5 32. Rb8+ Kg7 33. h3 d5
34. Ra8 e4 35. Qd4 Qxd4 0-1

[Event "Verbandsliga MV 2014-15"]
[Site "Mecklenburg-Vorpommern"]
[Date "2015.04.26"]
[Round "9.2"]
[White "Waschk, Armin"]
[Black "Hubert, Peter"]
[Result "1/2-1/2"]
[WhiteElo "2086"]
[BlackElo "1999"]
[PlyCount "67"]
[EventType "team-tourn"]
[EventRounds "9"]
[WhiteTeam "SG Güstrow/Teterow"]
[BlackTeam "FHSG Stralsund"]

1. e4 c5 2. Nf3 Nc6 3. Bb5 a6 4. Bxc6 dxc6 5. O-O Bg4 6. h3 Bxf3 7. Qxf3 Qc7 8.
d3 g6 9. Bf4 e5 10. Be3 b6 11. a4 a5 12. Nd2 Bg7 13. Qe2 Nf6 14. f4 Nh5 15. f5
Ng3 16. Qg4 Nxf1 17. Rxf1 h5 18. Qg3 O-O-O 19. fxg6 fxg6 20. Qxg6 Rd6 21. Qg3
Rf6 22. Ra1 Bh6 23. Bxh6 Rhxh6 24. Nc4 Rhg6 25. Qxe5 Qg7 26. Kh1 Kb7 27. Rg1
Rf2 28. Qe8 Rgxg2 29. Nd6+ Kc7 30. Qc8+ Kxd6 31. e5+ Kd5 32. Qd8+ Ke6 33. Qe8+
Kd5 34. Qd8+ 1/2-1/2

[Event "Verbandsliga MV 2014-15"]
[Site "Mecklenburg-Vorpommern"]
[Date "2015.04.26"]
[Round "9.3"]
[White "Kohn, Andreas"]
[Black "Luther, Alexander"]
[Result "0-1"]
[WhiteElo "1926"]
[BlackElo "1928"]
[PlyCount "66"]
[EventType "team-tourn"]
[EventRounds "9"]
[WhiteTeam "FHSG Stralsund"]
[BlackTeam "SG Güstrow/Teterow"]

1. e4 c5 2. Nf3 e6 3. d4 cxd4 4. Nxd4 Nf6 5. Nc3 Nc6 6. Be3 Bb4 7. Bd3 d5 8.
Nxc6 bxc6 9. exd5 cxd5 10. Bd4 O-O 11. O-O Bd6 12. Re1 Re8 13. Bb5 Bd7 14. Bxf6
gxf6 15. Qh5 Bxb5 16. Nxb5 Bc5 17. Nc3 f5 18. Rad1 Qf6 19. Rd3 Kh8 20. Ne2 Rg8
21. Rh3 Rg7 22. c3 Rb8 23. b4 Bd6 24. Qf3 Rbg8 25. g3 Rc8 26. Kh1 Be5 27. Rc1
Qg5 28. Rh4 d4 29. c4 Qd2 30. Rf1 Rxc4 31. a3 Bf6 32. Rh3 d3 33. Nf4 Rc1 0-1

[Event "Verbandsliga MV 2014-15"]
[Site "Mecklenburg-Vorpommern"]
[Date "2015.04.26"]
[Round "9.4"]
[White "Dettmann, Holger"]
[Black "Kohn, Thomas"]
[Result "1-0"]
[WhiteElo "1905"]
[BlackElo "1886"]
[PlyCount "83"]
[EventType "team-tourn"]
[EventRounds "9"]
[WhiteTeam "SG Güstrow/Teterow"]
[BlackTeam "FHSG Stralsund"]

1. d4 Nf6 2. e3 d5 3. Bd3 Nc6 4. Ne2 e5 5. dxe5 Nxe5 6. b3 Bb4+ 7. c3 Bd6 8.
Ba3 O-O 9. Bxd6 Qxd6 10. h3 Qe7 11. Nf4 c6 12. O-O g5 13. Ne2 Bxh3 14. gxh3
Nf3+ 15. Kg2 Nh4+ 16. Kh1 Qe6 17. Ng1 Ne4 18. Nd2 f5 19. Nxe4 fxe4 20. Be2 Rf6
21. Bg4 Qe7 22. c4 Rd8 23. cxd5 Rxd5 24. Qc2 Qe5 25. Rad1 Kg7 26. Rxd5 cxd5 27.
Qc8 Rf7 28. Qe6 Qb2 29. Qxd5 Rxf2 30. Qxb7+ Kh6 31. Rxf2 Qxf2 32. Qxe4 Qxa2 33.
Qe6+ Kg7 34. Be2 a5 35. Qe7+ Kh6 36. Qf8+ Kg6 37. Qe8+ Kg7 38. Qe5+ Kh6 39.
Qf6+ Ng6 40. Bd3 Qxb3 41. Bxg6 Qb7+ 42. Be4+ 1-0

[Event "Verbandsliga MV 2014-15"]
[Site "Mecklenburg-Vorpommern"]
[Date "2015.04.26"]
[Round "9.5"]
[White "Manke, Karsten"]
[Black "Kiel, Bernd"]
[Result "0-1"]
[WhiteElo "1781"]
[BlackElo "1896"]
[PlyCount "78"]
[EventType "team-tourn"]
[EventRounds "9"]
[WhiteTeam "FHSG Stralsund"]
[BlackTeam "SG Güstrow/Teterow"]

1. d4 Nf6 2. c4 g6 3. Nc3 d5 4. Nf3 Bg7 5. e3 O-O 6. Bd3 c5 7. O-O Nc6 8. a3
cxd4 9. exd4 a6 10. Be3 dxc4 11. Bxc4 b5 12. Be2 Nd5 13. Rc1 Nxe3 14. fxe3 Bh6
15. Qd3 Bf5 16. e4 Bxc1 17. Rxc1 Bd7 18. Qe3 Kg7 19. b4 e6 20. d5 exd5 21. Nxd5
Rc8 22. Rd1 Qe8 23. Nb6 Rd8 24. Qc3+ f6 25. e5 Nxe5 26. Nxe5 fxe5 27. Qc7 Rf7
28. Bg4 Bxg4 29. Rxd8 Qe6 30. Qb8 Qf6 31. h3 Qf2+ 32. Kh1 Qg3 33. Kg1 Bxh3 34.
Rd2 Qe1+ 35. Kh2 Qxd2 36. Qxe5+ Kh6 37. Kxh3 Qf4 38. Qe8 Rf5 39. g3 Qf1+ 0-1

[Event "Verbandsliga MV 2014-15"]
[Site "Mecklenburg-Vorpommern"]
[Date "2015.04.26"]
[Round "9.6"]
[White "Fidorra, Thomas"]
[Black "Giese, Lothar"]
[Result "1-0"]
[WhiteElo "1879"]
[BlackElo "1787"]
[PlyCount "97"]
[EventType "team-tourn"]
[EventRounds "9"]
[WhiteTeam "SG Güstrow/Teterow"]
[BlackTeam "FHSG Stralsund"]

1. e4 d6 2. d4 g6 3. Nc3 Bg7 4. Be3 Nf6 5. f3 O-O 6. Qd2 b6 7. O-O-O Nbd7 8. g4
e5 9. d5 a5 10. Nge2 Ne8 11. Ng3 f6 12. h4 Rf7 13. Bb5 Nc5 14. Bc6 Rb8 15. Nb5
Qe7 16. h5 g5 17. h6 Bh8 18. b3 Nd7 19. Nf5 Qd8 20. Na7 Nf8 21. Nxc8 Rxc8 22.
a4 Ng6 23. Qd3 Rb8 24. Qb5 Kf8 25. Kb2 Ne7 26. Bd7 Nxf5 27. Bxf5 Re7 28. Rd3
Ra8 29. Rc3 Rb8 30. Be6 c5 31. Bf5 Ra7 32. Rh5 Rbb7 33. Kc1 Re7 34. Qd3 Reb7
35. Qd2 Qe7 36. Qe2 Nc7 37. Qf2 Ke8 38. Rc4 Kd8 39. Qd2 Ne8 40. b4 axb4 41.
Qxb4 Nc7 42. Qd2 b5 43. Rxc5 Rxa4 44. Rc6 Ra1+ 45. Kb2 Rba7 46. Bxa7 Rxa7 47.
Qb4 Ke8 48. Qxd6 Nxd5 49. exd5 1-0

[Event "Verbandsliga MV 2014-15"]
[Site "Mecklenburg-Vorpommern"]
[Date "2015.04.26"]
[Round "9.7"]
[White "Klepin, Wilfried"]
[Black "Dettmann, Uwe"]
[Result "1/2-1/2"]
[WhiteElo "1849"]
[BlackElo "1812"]
[PlyCount "24"]
[EventType "team-tourn"]
[EventRounds "9"]
[WhiteTeam "FHSG Stralsund"]
[BlackTeam "SG Güstrow/Teterow"]

1. d4 d5 2. f4 e6 3. Nf3 Nf6 4. e3 Be7 5. Bd3 Nbd7 6. Nbd2 c5 7. c3 b6 8. Ne5
Bb7 9. Qf3 g6 10. O-O O-O 11. h4 Nxe5 12. fxe5 Ne8 1/2-1/2

[Event "Verbandsliga MV 2014-15"]
[Site "Mecklenburg-Vorpommern"]
[Date "2015.04.26"]
[Round "9.8"]
[White "Ebert, Lutz"]
[Black "Glawe, Hartmut"]
[Result "0-1"]
[WhiteElo "1736"]
[BlackElo "1865"]
[PlyCount "92"]
[EventType "team-tourn"]
[EventRounds "9"]
[WhiteTeam "SG Güstrow/Teterow"]
[BlackTeam "FHSG Stralsund"]

1. Nf3 Nf6 2. b4 a5 3. b5 c6 4. a4 d5 5. Bb2 Bf5 6. e3 e6 7. Be2 Bd6 8. O-O
Nbd7 9. d4 O-O 10. Nbd2 Rc8 11. c4 c5 12. Rc1 Re8 13. h3 Bb8 14. Qb3 dxc4 15.
Bxc4 b6 16. Rfe1 Ne4 17. Nxe4 Bxe4 18. Nd2 Ba8 19. e4 cxd4 20. Bxd4 Nc5 21.
Bxc5 Rxc5 22. Qe3 Qc7 23. g3 Rd8 24. Red1 h5 25. f4 h4 26. e5 Bd5 27. Nb3 Rxc4
28. Rxc4 Bxc4 29. Rc1 Rd3 30. Qe4 Rxg3+ 31. Kf2 Rxb3 32. Rxc4 Qd8 33. Rd4 Qe7
34. Rc4 g6 35. Qa8 Qa3 36. Qxb8+ Kg7 37. Qc7 Rf3+ 38. Ke1 Qe3+ 39. Kd1 Qg1+ 40.
Kc2 Qg2+ 41. Kb1 Rb3+ 42. Kc1 Qb2+ 43. Kd1 Rd3+ 44. Ke1 Qd2+ 45. Kf1 Rxh3 46.
Qc6 Re3 0-1

[Event "Verbandsliga MV 2014-15"]
[Site "Mecklenburg-Vorpommern"]
[Date "2015.04.26"]
[Round "9.1"]
[White "Springer, Guido"]
[Black "Skibbe, Willi"]
[Result "1-0"]
[WhiteElo "1768"]
[BlackElo "2220"]
[PlyCount "109"]
[EventType "team-tourn"]
[EventRounds "9"]
[WhiteTeam "SV Gryps"]
[BlackTeam "SSC Rostock 07  II"]

1. e4 c5 2. Nf3 Nc6 3. d4 cxd4 4. Nxd4 g6 5. c4 Bg7 6. Be3 Nf6 7. Nc3 Ng4 8.
Qxg4 Nxd4 9. O-O-O d6 10. Qg3 Nc6 11. Nb5 O-O 12. Kb1 a6 13. Nd4 Qb6 14. Nb3
Qb4 15. Be2 b5 16. Bd2 Qa4 17. Rc1 Nb4 18. a3 Bb7 19. Bxb4 a5 20. Nxa5 Rxa5 21.
Bd1 Bxe4+ 22. Bc2 Bxc2+ 23. Rxc2 Raa8 24. Qd3 Rfb8 25. c5 dxc5 26. Rxc5 Rd8 27.
Qc2 Bd4 28. Qxa4 bxa4 29. Rc2 e5 30. f3 Rd7 31. Rhc1 f5 32. Rc7 Ra7 33. Rc8+
Kf7 34. R1c6 Bg1 35. h4 Be3 36. Kc2 h5 37. Rf8+ Kg7 38. Rfc8 Rab7 39. Bc3 Bd4
40. Bb4 Bf2 41. Bc3 Re7 42. Ra6 Bxh4 43. Rcc6 Kh7 44. Rxg6 Rg7 45. Rh6+ Kg8 46.
Rxh5 Rxg2+ 47. Kd3 e4+ 48. fxe4 fxe4+ 49. Kxe4 Re7+ 50. Kd5 Rg4 51. Ra8+ Kf7
52. Rh7+ Kg6 53. Rg8+ Kf5 54. Rxg4 Kxg4 55. Rxh4+ 1-0

[Event "Verbandsliga MV 2014-15"]
[Site "Mecklenburg-Vorpommern"]
[Date "2015.04.26"]
[Round "9.2"]
[White "Engel, Gunnar"]
[Black "Voelsgen, Georg"]
[Result "1-0"]
[WhiteElo "2016"]
[BlackElo "1978"]
[PlyCount "45"]
[EventType "team-tourn"]
[EventRounds "9"]
[WhiteTeam "SSC Rostock 07  II"]
[BlackTeam "SV Gryps"]

1. d4 d5 2. c4 e6 3. g3 Nf6 4. Nf3 Nbd7 5. Bg2 Bb4+ 6. Bd2 Qe7 7. O-O O-O 8.
Qc2 c6 9. a3 Bxd2 10. Nbxd2 b5 11. cxb5 cxb5 12. Qd3 Ba6 13. Rfc1 Rfc8 14. a4
Qb4 15. e4 Rxc1+ 16. Rxc1 dxe4 17. Nxe4 Qxb2 18. Qd2 Qxd2 19. Nfxd2 Nxe4 20.
Nxe4 Rb8 21. Bf1 Bb7 22. Nc5 Nf6 23. Nxb7 1-0

[Event "Verbandsliga MV 2014-15"]
[Site "Mecklenburg-Vorpommern"]
[Date "2015.04.26"]
[Round "9.3"]
[White "Windjaeger, Gerd"]
[Black "Pererva, Viktor"]
[Result "0-1"]
[WhiteElo "1945"]
[BlackElo "2013"]
[PlyCount "50"]
[EventType "team-tourn"]
[EventRounds "9"]
[WhiteTeam "SV Gryps"]
[BlackTeam "SSC Rostock 07  II"]

1. d4 d5 2. Nf3 Nf6 3. Bf4 Bg4 4. Ne5 Bf5 5. e3 e6 6. c4 c6 7. a3 Nbd7 8. Nc3
Nxe5 9. Bxe5 Nd7 10. Bg3 Be7 11. Bd3 Bxd3 12. Qxd3 O-O 13. O-O a6 14. e4 dxe4
15. Qxe4 Nf6 16. Qe3 Bd6 17. Bxd6 Qxd6 18. Qe5 Rad8 19. Rfd1 Qxe5 20. dxe5 Ng4
21. f4 Ne3 22. Rxd8 Rxd8 23. b3 Rd3 24. Rc1 h5 25. Kf2 Rxc3 0-1

[Event "Verbandsliga MV 2014-15"]
[Site "Mecklenburg-Vorpommern"]
[Date "2015.04.26"]
[Round "9.4"]
[White "Brack, Peter"]
[Black "Hollatz, Michael"]
[Result "1-0"]
[WhiteElo "1982"]
[BlackElo "1776"]
[PlyCount "117"]
[EventType "team-tourn"]
[EventRounds "9"]
[WhiteTeam "SSC Rostock 07  II"]
[BlackTeam "SV Gryps"]

1. d4 d5 2. c4 c6 3. Nc3 Nf6 4. Nf3 g6 5. Qb3 dxc4 6. Qxc4 Be6 7. Qd3 Bg7 8. e4
O-O 9. Be2 b5 10. Qc2 Qb6 11. O-O Na6 12. a3 Rad8 13. h3 Nc7 14. Be3 Qb7 15.
Rac1 Rc8 16. Rfd1 Nd7 17. Ng5 Nb6 18. b3 Bd7 19. Nf3 f5 20. Ne5 f4 21. Bd2 Bxe5
22. dxe5 Ne6 23. Be1 Qb8 24. a4 bxa4 25. Nxa4 Rfd8 26. Bc3 Be8 27. Bg4 Bf7 28.
Bxe6 Bxe6 29. Nc5 Kf7 30. Qe2 Rxd1+ 31. Rxd1 Rd8 32. Nxe6 Rxd1+ 33. Qxd1 Kxe6
34. Qg4+ Kf7 35. Qxf4+ Kg8 36. Qg4 Qc8 37. e6 Qd8 38. Qf3 Qf8 39. Qe3 Nc8 40.
Qd4 Qf6 41. Qc4 Qf4 42. Qd4 Qf6 43. Qxf6 exf6 44. Bxf6 Nd6 45. f3 Ne8 46. Bd4
a6 47. f4 Nd6 48. e5 Nb5 49. Bc5 Nc7 50. e7 Kf7 51. g3 Ne6 52. Bd6 a5 53. Kf2
Nd4 54. g4 Nxb3 55. e6+ Ke8 56. Ke3 c5 57. f5 gxf5 58. gxf5 Nd4 59. Ke4 1-0

[Event "Verbandsliga MV 2014-15"]
[Site "Mecklenburg-Vorpommern"]
[Date "2015.04.26"]
[Round "9.5"]
[White "Sadewasser, Lucie"]
[Black "Mangold, Thomas"]
[Result "0-1"]
[WhiteElo "1682"]
[BlackElo "1922"]
[PlyCount "44"]
[EventType "team-tourn"]
[EventRounds "9"]
[WhiteTeam "SV Gryps"]
[BlackTeam "SSC Rostock 07  II"]

1. e4 e5 2. Nf3 d6 3. h3 Nf6 4. Nc3 Be7 5. Bc4 O-O 6. d3 c6 7. Bb3 Nbd7 8. Qe2
Nc5 9. Be3 Nxb3 10. axb3 Qc7 11. O-O b6 12. Ra2 Bd7 13. Rfa1 Rfe8 14. Qd2 d5
15. exd5 cxd5 16. Bg5 d4 17. Bxf6 dxc3 18. Bxe5 Qxe5 19. Nxe5 cxd2 20. Nxd7 Bd6
21. Rf1 Re1 22. Ra1 Rae8 0-1

[Event "Verbandsliga MV 2014-15"]
[Site "Mecklenburg-Vorpommern"]
[Date "2015.04.26"]
[Round "9.6"]
[White "Celmer, Ole"]
[Black "Rogasch, Miriam"]
[Result "1/2-1/2"]
[WhiteElo "1912"]
[BlackElo "1747"]
[PlyCount "86"]
[EventType "team-tourn"]
[EventRounds "9"]
[WhiteTeam "SSC Rostock 07  II"]
[BlackTeam "SV Gryps"]

1. e4 e5 2. Nf3 Nc6 3. Bc4 Be7 4. O-O Nf6 5. d3 d6 6. a4 Bg4 7. Nbd2 O-O 8. Re1
d5 9. exd5 Nxd5 10. c3 Nf4 11. Ne4 Ng6 12. h3 Bd7 13. a5 Kh8 14. Neg5 Bxg5 15.
Nxg5 Qf6 16. Qh5 h6 17. Bd5 Rad8 18. Be4 Bf5 19. Ra4 Nce7 20. Nf3 Nf4 21. Bxf4
exf4 22. Bxf5 Qxf5 23. Qxf5 Nxf5 24. Rxf4 Nd6 25. Re7 c6 26. Ne5 Kg8 27. d4
Rfe8 28. Rc7 f6 29. Nd3 Kf8 30. Nc5 Re7 31. Rxe7 Kxe7 32. Rf3 Kf7 33. b3 b6 34.
axb6 axb6 35. Na4 Rb8 36. Re3 Nf5 37. Re2 Ne7 38. c4 b5 39. Nc5 Nf5 40. d5 bxc4
41. bxc4 cxd5 42. cxd5 Rb1+ 43. Kh2 Rd1 1/2-1/2

[Event "Verbandsliga MV 2014-15"]
[Site "Mecklenburg-Vorpommern"]
[Date "2015.04.26"]
[Round "9.7"]
[White "Wagner, Swenja"]
[Black "Schumann, Rabea"]
[Result "1/2-1/2"]
[WhiteElo "1491"]
[BlackElo "1809"]
[PlyCount "68"]
[EventType "team-tourn"]
[EventRounds "9"]
[WhiteTeam "SV Gryps"]
[BlackTeam "SSC Rostock 07  II"]

1. e4 c6 2. d4 d5 3. e5 c5 4. Nf3 cxd4 5. Nxd4 e6 6. Be3 Nc6 7. Bb5 Bd7 8. Bxc6
bxc6 9. c3 c5 10. Nb3 Qc7 11. f4 c4 12. Nd4 Ne7 13. Nd2 Rb8 14. Rb1 Nc6 15.
N2f3 Nxd4 16. Nxd4 Qa5 17. O-O Bc5 18. a3 Bxd4 19. Bxd4 Ba4 20. Qe2 g6 21. Qf2
Rb7 22. Rfe1 Kd7 23. Re2 Kc6 24. Rd2 Rhb8 25. Re1 a6 26. Ree2 Bb3 27. g3 Rb5
28. Kg2 R8b7 29. Qg1 Qc7 30. h4 Qb8 31. Qc1 Ba4 32. Kh2 Rb3 33. Kg2 R3b5 34.
Kh2 Rb3 1/2-1/2

[Event "Verbandsliga MV 2014-15"]
[Site "Mecklenburg-Vorpommern"]
[Date "2015.04.26"]
[Round "9.8"]
[White "Hodl, Ingolf"]
[Black "Bohndorf, Tobias"]
[Result "1-0"]
[WhiteElo "1932"]
[BlackElo "1025"]
[PlyCount "59"]
[EventType "team-tourn"]
[EventRounds "9"]
[WhiteTeam "SSC Rostock 07  II"]
[BlackTeam "SV Gryps"]

1. e4 e5 2. Nf3 Nc6 3. Bb5 Nf6 4. O-O Bc5 5. Nxe5 Nxe5 6. d4 Bd6 7. dxe5 Bxe5
8. Qe2 O-O 9. c3 c6 10. Bd3 Re8 11. f4 Bc7 12. Nd2 d5 13. e5 Re7 14. Nf3 Bg4
15. Qc2 Nh5 16. Bxh7+ Kh8 17. Bf5 Bxf5 18. Qxf5 g6 19. Qh3 Kg7 20. g4 Nxf4 21.
Bxf4 Bb6+ 22. Kh1 Re8 23. Qh6+ Kg8 24. Ng5 Qd7 25. Qh7+ Kf8 26. Qh8+ Ke7 27.
Qf6+ Kf8 28. Nh7+ Kg8 29. Bh6 Kxh7 30. Qg7# 1-0

[Event "Verbandsliga MV 2014-15"]
[Site "Mecklenburg-Vorpommern"]
[Date "2015.04.26"]
[Round "9.1"]
[White "Moeller, Peter"]
[Black "Ispirjan, Mikael"]
[Result "1-0"]
[WhiteElo "2001"]
[BlackElo "1980"]
[PlyCount "121"]
[EventType "team-tourn"]
[EventRounds "9"]
[WhiteTeam "HSG Uni Rostock"]
[BlackTeam "SAV Torgelow-Droegeheide 90"]

1. e4 c6 2. d4 d5 3. exd5 cxd5 4. Bd3 Nf6 5. c3 Nc6 6. Bf4 Bg4 7. Qb3 Qc8 8.
Nd2 e6 9. Ngf3 Be7 10. O-O O-O 11. Rae1 a6 12. Bg5 Bh5 13. Ne5 Bg6 14. Nxg6
hxg6 15. Nf3 b5 16. Ne5 b4 17. Nxc6 Qxc6 18. c4 dxc4 19. Bxc4 Ra7 20. Bxe6 Qb5
21. Bxf6 Bxf6 22. Bc4 Qb6 23. d5 Rc7 24. Re2 Rfc8 25. Bd3 a5 26. a4 Bd4 27. Bb5
Rc1 28. Bc6 Qc5 29. g3 Rd8 30. Rxc1 Qxc1+ 31. Kg2 Rd6 32. Qc2 Qg5 33. Qe4 Qf6
34. b3 g5 35. Qg4 g6 36. Qf3 Qf5 37. Qe4 Qf6 38. Rd2 Bc3 39. Rd3 Kg7 40. Rf3
Qe5 41. Qxe5+ Bxe5 42. Re3 f6 43. Re4 Rd8 44. h3 Kf7 45. Kf3 Rc8 46. Ke3 Rh8
47. Bd7 Rb8 48. h4 gxh4 49. Rxh4 f5 50. Rh7+ Bg7 51. Kd3 Kf6 52. Kc4 g5 53. f4
Kg6 54. Bxf5+ Kxf5 55. Rxg7 gxf4 56. Rf7+ Ke5 57. gxf4+ Ke4 58. Re7+ Kxf4 59.
d6 Rc8+ 60. Kb5 Rc3 61. d7 1-0

[Event "Verbandsliga MV 2014-15"]
[Site "Mecklenburg-Vorpommern"]
[Date "2015.04.26"]
[Round "9.2"]
[White "Schmekel, Florian"]
[Black "Hammel, Ralf"]
[Result "1/2-1/2"]
[WhiteElo "1795"]
[BlackElo "1965"]
[PlyCount "26"]
[EventType "team-tourn"]
[EventRounds "9"]
[WhiteTeam "SAV Torgelow-Droegeheide 90"]
[BlackTeam "HSG Uni Rostock"]

1. d4 Nf6 2. g3 e6 3. Bg2 d5 4. Nf3 c5 5. c3 Nc6 6. O-O Be7 7. Nbd2 O-O 8. Re1
Qb6 9. Nb3 cxd4 10. cxd4 a5 11. a4 Nb4 12. Ne5 Bd7 13. Bg5 Rfd8 1/2-1/2

[Event "Verbandsliga MV 2014-15"]
[Site "Mecklenburg-Vorpommern"]
[Date "2015.04.26"]
[Round "9.3"]
[White "Kutschke, Peter"]
[Black "Zentgraf, Robert"]
[Result "1/2-1/2"]
[WhiteElo "1941"]
[BlackElo "2115"]
[PlyCount "35"]
[EventType "team-tourn"]
[EventRounds "9"]
[WhiteTeam "HSG Uni Rostock"]
[BlackTeam "SAV Torgelow-Droegeheide 90"]

1. e4 g6 2. c4 Bg7 3. Nc3 d6 4. Nge2 Nc6 5. d3 e5 6. Be3 Nge7 7. f4 Nd4 8. g3
Nec6 9. Bg2 Bg4 10. h3 Be6 11. O-O Qd7 12. Kh2 O-O 13. Nd5 Nxe2 14. Qxe2 f6 15.
Qd2 exf4 16. Nxf4 Bf7 17. Nd5 Be6 18. Nf4 1/2-1/2

[Event "Verbandsliga MV 2014-15"]
[Site "Mecklenburg-Vorpommern"]
[Date "2015.04.26"]
[Round "9.5"]
[White "Sager, Bernd"]
[Black "Ehlers, Michael"]
[Result "1/2-1/2"]
[WhiteElo "1697"]
[BlackElo "1878"]
[PlyCount "23"]
[EventType "team-tourn"]
[EventRounds "9"]
[WhiteTeam "HSG Uni Rostock"]
[BlackTeam "SAV Torgelow-Droegeheide 90"]

1. e4 c5 2. Nf3 e6 3. d4 cxd4 4. Nxd4 Nf6 5. Nc3 Bb4 6. Bd3 Nc6 7. Nxc6 bxc6 8.
O-O e5 9. f4 Bxc3 10. bxc3 d5 11. fxe5 Qb6+ 12. Kh1 1/2-1/2

[Event "Verbandsliga MV 2014-15"]
[Site "Mecklenburg-Vorpommern"]
[Date "2015.04.26"]
[Round "9.6"]
[White "Bauer, Norbert"]
[Black "Hantel, Thomas"]
[Result "1-0"]
[WhiteElo "1957"]
[BlackElo "1693"]
[PlyCount "95"]
[EventType "team-tourn"]
[EventRounds "9"]
[WhiteTeam "SAV Torgelow-Droegeheide 90"]
[BlackTeam "HSG Uni Rostock"]

1. d4 d5 2. c4 e6 3. Nc3 Nf6 4. cxd5 exd5 5. Bg5 Be7 6. e3 O-O 7. Bd3 c6 8.
Nge2 Bg4 9. f3 Bh5 10. Nf4 Nbd7 11. Qd2 Bg6 12. Nxg6 fxg6 13. O-O Nh5 14. Bxe7
Qxe7 15. e4 Nf4 16. Bc2 Nb6 17. Bb3 Kh8 18. g3 dxe4 19. gxf4 e3 20. Rae1 exd2
21. Rxe7 Rxf4 22. Re4 Raf8 23. Rxf4 Rxf4 24. Ne4 Nd5 25. Bxd5 cxd5 26. Nxd2
Rxd4 27. Nb3 Rd3 28. Kf2 d4 29. Rc1 h5 30. Rc8+ Kh7 31. Rd8 Rd1 32. Rxd4 Rh1
33. Kg2 Re1 34. Rd2 Re7 35. h4 Rf7 36. Kg3 b6 37. f4 Re7 38. Nd4 Re3+ 39. Nf3
Kh6 40. Rd8 g5 41. hxg5+ Kg6 42. Kf2 Re4 43. Rf8 Kh7 44. f5 g6 45. f6 h4 46.
Rf7+ Kh8 47. Rg7 h3 48. Rxg6 1-0

[Event "Verbandsliga MV 2014-15"]
[Site "Mecklenburg-Vorpommern"]
[Date "2015.04.26"]
[Round "9.7"]
[White "Ernst, Mathias"]
[Black "Massloch, Philipp"]
[Result "1-0"]
[WhiteElo "1630"]
[BlackElo "1639"]
[PlyCount "39"]
[EventType "team-tourn"]
[EventRounds "9"]
[WhiteTeam "HSG Uni Rostock"]
[BlackTeam "SAV Torgelow-Droegeheide 90"]

1. e4 c5 2. Nf3 Nc6 3. c4 g6 4. Nc3 Bg7 5. Be2 e6 6. O-O Nge7 7. d3 O-O 8. Bg5
d6 9. Qd2 Nd4 10. h3 Qc7 11. Nh2 f5 12. Rae1 Nec6 13. Bd1 Qf7 14. exf5 exf5 15.
Nb5 Qd7 16. Nf3 Nxf3+ 17. Bxf3 Ne5 18. Bd5+ Kh8 19. f4 Nf7 20. Re7 1-0